Working paper on commodity production, prices and trade. (Record no. 45758)

MARC details
000 -LEADER
fixed length control field 00705cam a22002531 4500
001 - CONTROL NUMBER
control field ne 63000714
003 - CONTROL NUMBER IDENTIFIER
control field DLC
005 - DATE AND TIME OF LATEST TRANSACTION
control field 20260227111743.0
008 - FIXED-LENGTH DATA ELEMENTS--GENERAL INFORMATION
fixed length control field 830613s1962 ua 000 0 eng
010 ## - LIBRARY OF CONGRESS CONTROL NUMBER
LC control number ne 63000714
035 ## - SYSTEM CONTROL NUMBER
System control number (OCoLC)16761996
040 ## - CATALOGING SOURCE
Original cataloging agency DLC
Transcribing agency OrPS
Modifying agency DLC
042 ## - AUTHENTICATION CODE
Authentication code premarc
043 ## - GEOGRAPHIC AREA CODE
Geographic area code a------
-- f------
050 00 - LIBRARY OF CONGRESS CALL NUMBER
Classification number HF3886
Item number .A4
110 2# - MAIN ENTRY--CORPORATE NAME
Corporate name or jurisdiction name as entry element Afro-Asian Organization for Economic Co-operation.
245 00 - TITLE STATEMENT
Title Working paper on commodity production, prices and trade.
250 ## - EDITION STATEMENT
Edition statement [1st ed.]
260 ## - PUBLICATION, DISTRIBUTION, ETC.
Place of publication, distribution, etc. Cairo
Date of publication, distribution, etc. [1962]
300 ## - PHYSICAL DESCRIPTION
Extent 45 p.
Dimensions 28 cm.
651 #0 - SUBJECT ADDED ENTRY--GEOGRAPHIC NAME
Geographic name Africa
General subdivision Commerce.
651 #0 - SUBJECT ADDED ENTRY--GEOGRAPHIC NAME
Geographic name Asia
General subdivision Commerce.
740 0# - ADDED ENTRY--UNCONTROLLED RELATED/ANALYTICAL TITLE
Uncontrolled related/analytical title Commodity production, prices and trade.

No items available.

Powered by Koha